From a Shepherd Boy to an Intellectual: (Record no. 165545)

MARC details
000 -LEADER
fixed length control field 00676nam a22002057a 4500
005 - DATE AND TIME OF LATEST TRANSACTION
control field 20241025172538.0
010 ## - LCCN (DPL NO)
LC control number ENG-125706 ENG-142439
020 ## - INTERNATIONAL STANDARD BOOK NUMBER
International Standard Book Number 9789381345412
Terms of availability 595.00
035 ## - SYSTEM CONTROL NUMBER
System control number EN-109238
035 ## - SYSTEM CONTROL NUMBER
System control number EN-125971
037 ## - SOURCE OF ACQUISITION
Source of stock number/acquisition DBAD/PUB
082 ## - DEWEY DECIMAL CLASSIFICATION NUMBER
Classification number 320.092
100 ## - MAIN ENTRY--PERSONAL NAME
Personal name Shepherd, Kancha Ilaiah
245 ## - TITLE STATEMENT
Title From a Shepherd Boy to an Intellectual:
Remainder of title My Memoirs/
Statement of responsibility, etc by Kancha Ilaiah Shepherd
260 ## - PUBLICATION, DISTRIBUTION, ETC. (IMPRINT)
Place of publication, distribution, etc New Delhi
Name of publisher, distributor, etc Sage Publications
Date of publication, distribution, etc 2018
270 ## - ADDRESS
Address B1/1-1, Mohan Cooperative Industrial Area
City Mathura Road,New Delhi
Postal code 110044
300 ## - PHYSICAL DESCRIPTION
Extent xvii,359p.
Dimensions 22cm(pbk)
500 ## - GENERAL NOTE
General note Includes index
942 ## - ADDED ENTRY ELEMENTS (KOHA)
Source of classification or shelving scheme Dewey Decimal Classification
Item type English Books
Classification part 320.092
Call number suffix SHE
Holdings
Withdrawn status Lost status Not for loan Collection code Home library Current library Date acquired Source of acquisition Cost, normal purchase price Full call number Barcode Copy number Cost, replacement price Koha item type
      Non-fiction Ashok Vihar Ashok Vihar 21/06/2019 DBAD/PUB 595.00 320.092 SHE EN-109238 1 595.00 English Books
      Non-fiction Bawana Bawana 25/10/2024 Delivery of Books Act Division 595.00 320.092 SHE EN-125971 1 595.00 English Books

© Delhi Public Library
Hit Counter
free hit counter